| 000 | 01267nam a2200337 c 4500 | ||
|---|---|---|---|
| 999 |
_c328107 _d328107 |
||
| 003 | BLK | ||
| 005 | 20211123143817.0 | ||
| 008 | 180408b bul|||||r ||||||| ||bul|| | ||
| 010 | _aKNG00068640000 | ||
| 020 | _a978-954-380-450-4 | ||
| 040 | _aBLK | ||
| 041 |
_aBUL _cBUL |
||
| 080 |
_aПраво _b34 _x(497.2)(093.3) _z34(497.2)(093.3) |
||
| 100 | 1 |
_aВълканов, Велко _eпърви автор _gИванов, Велко Вълканов _9256613 |
|
| 139 |
_aВълканов, Велко _bВ 93 |
||
| 245 | 1 | 0 |
_aПоследен дневник _cВелко Вълканов. |
| 257 | _aBGR | ||
| 260 |
_bБългарска книжница _c2018 _9389576 _aСофия |
||
| 300 |
_a296 с. _c20 см |
||
| 380 | _a3 | ||
| 500 | _aПълното име на авт. е Велко Вълканов Иванов | ||
| 650 | 4 |
_aПрависти, български _9275976 |
|
| 653 | _aправо | ||
| 653 | _aвътрешна политика | ||
| 653 | _aспомени | ||
| 852 |
_bП _cП 34/В 93 |
||
| 856 | 4 | _qpdf | |
| 856 | 4 | _qpdf | |
| 942 |
_cKNG _n0 _01 |
||
| 999 | _d328107 | ||
| 999 | _d64373 | ||